Países em que o nome da capital é igual ao do país - Statistics

Estatísticas Gerais
  • Esse quiz foi jogado 319 vezes
    290 desde o último reset
  • A pontuação média é 7 de 11
Estatísticas das Respostas
Prefixo Capital Sufixo % Correto
Cidade do México
92%
Andorra -a-velha
84%
Vaticano
70%
Cidade da Guatemala
67%
Cidade do Panamá
65%
Luxemburgo
63%
Cidade do Mônaco
62%
San Marino
58%
Singapura
42%
Kuwait
32%
Djibouti
30%
Nenhum quiz correspondente encontrado
Distribuição das Pontuações
Porcentagem de Pessoas com Cada Pontuação
Percentil de Números Respondidos
Sua Pontuação Histórica
Você não jogou esse quiz desde o último reset